Language Quiz

Random Language or Latin Quiz

Latin Mottoes Quiz Stats

 Plays Quiz not verified by Sporcle

Support Sporcle.
Go Orange.
Score 0/58 Timer 12:00
0 Plays Today
Latin English Translation % Correct
Semper fidelisAlways faithful
86.2%
Tempus FugitTime flies
82.8%
Carp diemSeize the day
69%
Semper paratusAlways prepared
58.6%
Ad infinitumTo infinity
58.6%
Caveat emptorLet the buyer beware
55.2%
Cogito ergo sumI think therefore I am
55.2%
Veni vidi viciI came I saw I conquered
55.2%
Pro Bono For the good
44.8%
Et aliiAnd others
44.8%
Et ceteraAnd others
44.8%
E Pluribus unumOne out of many
41.4%
Ad hominem To the man
41.4%
Errare humanum estTo err is human
41.4%
Nota beneNote well
37.9%
Magna cum laudeWith great praise
34.5%
Quid pro quoThis for that
31%
Ars longa Vita breviArt is long life is short
31%
Post meridiemAfter noon
31%
Id estThat is
31%
Habeas corpusYou have the body
27.6%
Modus operandiMode of operation
27.6%
Requiescat in paceRest in peace
27.6%
Ante meridiemBefore noon
27.6%
Persona non gratiaPerson not welcome
24.1%
Alter egoOther self
24.1%
Mens Sana in corpore SanoSound mind in a sound body
24.1%
Cave canemBeware the dog
20.7%
Bona fideIn good faith
20.7%
Latin English Translation % Correct
Cum grano salisWith a grain of salt
17.2%
Senatus populusque romanusThe senate and the roman people
17.2%
In loco parentisIn place of a parent
17.2%
Anno dominiIn the year of our lord
17.2%
Novo Ordo saeclorumNew order of the ages
13.8%
Ad astra Per asperaTo the stars through difficulties
13.8%
Festina lenteHurry slowly
13.8%
Lapsus linguaeSlip of the tongue
10.3%
Ars artia gratiaArt for the sake of art
10.3%
Pro temporeFor the Time being
10.3%
Ab urbe Condita From the founding of the city
10.3%
Ad nauseamTo the point of disgust
6.9%
Ad hocFor this purpose
6.9%
Alma materNurturing mother
6.9%
Citius altius Fortius Swifter higher stronger
6.9%
Non sequiturIt does not follow
6.9%
Annuit coeptisHe watched over our beginnings
3.4%
Sine qua nonWithout which not
3.4%
Status quoSituation which is
3.4%
De factoAccording to the facts
3.4%
De iureAccording to the law
3.4%
Curriculum vitaeCourse of your life
3.4%
Ab ovo usque ad mala From the eggs to the apples
3.4%
Non compos mentis Not sound of mind
3.4%
Mea culpa mini ignosceMy fault excuse me
3.4%
Per capitaBy the heads
3.4%
De gustibus Non set disputandumThere is no dispute about taste
3.4%
Exempli gratiaFor the sake of an example
3.4%
Post scriptum Written afterwards
3.4%

You're not logged in!

Compare scores with friends on all Sporcle quizzes.
OR
Log In

From the Vault

Bible Word Association

by Flick

These things were quick to pair off.
Remove Ads.
Support Sporcle.
Get the best of Sporcle when you Go Orange. This ad-free experience offers more features, more stats, and more fun while also helping to support Sporcle. Thank you for becoming a member.

Show Comments

Extras

Created Feb 22, 2011ReportNominate
Tags:Latin Quiz

Top Quizzes Today


Score Distribution

Your Account Isn't Verified!

In order to create a playlist on Sporcle, you need to verify the email address you used during registration. Go to your Sporcle Settings to finish the process.

Report this User

Report this user for behavior that violates our Community Guidelines.

Details: